| 000 | 00799cam a22002415a 4500 | ||
|---|---|---|---|
| 001 | 010028632 | ||
| 005 | 20180305125200.0 | ||
| 008 | 990621s1998 nyua frb 001 0 eng d | ||
| 020 | _a0070323887 | ||
| 020 | _a9780070323889 | ||
| 040 |
_aIeDuTC _dUk _dEG-ScBUE _beng |
||
| 082 | 0 | 4 |
_a621.402 _222 _bJAL |
| 100 | 1 |
_aJaluria, Yogesh. _938093 |
|
| 245 | 1 | 0 |
_aDesign and optimization of thermal systems / _cYogesh Jaluria. |
| 260 |
_aNew York : _bThe McGraw-Hill Companies, _c1998. |
||
| 300 |
_axiii, 626 p. : _bill. ; _c25 cm. |
||
| 490 | 0 | _aMcGraw-Hill series in mechanical engineering | |
| 504 | _aIncludes bibliographical references and index. | ||
| 650 | 7 |
_aHeat engineering. _2BUEsh _912963 |
|
| 650 | 7 |
_aEngineering design. _2BUEsh _93587 |
|
| 653 |
_bGGEN _bENGGEN _cMarch2018 |
||
| 942 | _2ddc | ||
| 999 |
_c26234 _d26206 |
||